|
|
|
|
| LEADER |
00000cam a2200000 a 4500 |
| 001 |
vtls001261735 |
| 003 |
SK-MaSNL |
| 005 |
20260301234520.0 |
| 008 |
240315s1976 xo a p 00000 slo |
| 015 |
|
|
|a SNBA1976
|
| 035 |
|
|
|a SNK000212614
|
| 040 |
|
|
|a SNK
|b slo
|c SNK
|e AACR2
|
| 041 |
0 |
|
|a slo
|
| 044 |
|
|
|a xo
|c SK
|
| 080 |
|
|
|a 531.788(075.8)(076.5)
|2 1981
|
| 080 |
|
|
|a 378:531.788(075.8)(076.5)
|2 1981
|
| 100 |
1 |
|
|a Bello, Igor
|4 aut
|9 377324
|
| 245 |
1 |
0 |
|a Vákuová technika
|b cvičenia
|c Igor Bello, Viera Dubravcová
|
| 250 |
|
|
|a 1. vyd.
|
| 260 |
|
|
|a Bratislava
|b Slovenská vysoká škola technická
|c 1976
|
| 300 |
|
|
|a 142 s.
|b grafy, sch., tab.
|c 29 cm
|
| 366 |
|
|
|e 100 výt.
|
| 504 |
|
|
|a Bibliogr.
|
| 650 |
0 |
7 |
|a technika
|2 SNKPH
|9 671
|
| 655 |
|
7 |
|a učebnice vysokých škôl
|2 SNKPH
|9 70191
|
| 700 |
1 |
|
|a Dubravcová, Viera,
|d 1942-
|4 aut
|9 101047
|
| 958 |
|
|
|a OND
|
| 958 |
|
|
|a SK
|
| 958 |
|
|
|a NB
|
| 958 |
|
|
|a UV
|
| 999 |
|
|
|c 970340
|d 972270
|
| 952 |
|
|
|a SNK
|b SNK
|y PREZ
|7 0
|p 17A0942097
|o snkSB 23992
|i snkKSP 5235/76
|0 0
|1 0
|4 0
|d 2012-07-25
|f 1
|l 0
|r 2025-03-27 00:00:00
|w 2026-02-24
|
| 952 |
|
|
|t P60, <04>, [BOOK], {604}
|a SNK
|b SNK
|y VYP
|7 0
|o snkSB 23992 D1
|i snkKSP 5236/76
|0 0
|1 0
|4 0
|d 1996-09-19
|l 0
|r 2005-01-01 00:00:00
|w 2026-02-24
|